| 000 | 00540nam a2200157 i 4500 | ||
|---|---|---|---|
| 001 | 61178 | ||
| 003 | ES-MaACL | ||
| 007 | t| | ||
| 008 | 031110s1943 sp ||||1| spa d | ||
| 100 | 1 |
_aEuler, H. _948327 |
|
| 245 | 1 | 0 |
_aPort-Euler _b: tratado de Odontología / _cbajo la dirección de H. Euler ; con la colaboración de K. Greve...[et al.] ; versión de la quinta edición alemana. |
| 260 |
_aBarcelona : _bLabor, _c1943. |
||
| 300 |
_aXV, 858 p. : _bil. ; _c25 cm. |
||
| 700 | 1 |
_aGreve, K. _959959 |
|
| 852 |
_aES-MaACL _jE-2062 _bR.23160 |
||
| 999 |
_c61178 _d61178 |
||